000 00723nam a2200253Ia 4500
003 OSt
005 20221006143944.0
006 a|||||r|||| 00| 0
007 ta
008 221006b |||||||| |||| 00| 0 eng d
020 _cP35.50
024 _a10,484
037 _cTextual
040 _aEASL
_cEASL
_beng
041 _2eng
_aeng
082 _aW.4295.N94, N5
100 _aCOPPER John F
_9650671
245 0 _aWords across the Taiwan strait
_b A critique of Beijing's White Paper on China's reunification
260 _aLanham
_bUniversity press of America
_c1995
300 _a127p.
_ccm.
490 _v CEL
942 _hW.4295.N94, N5
_cTEXL
_2CC
999 _c1078570
_d1078570